000 00282 a2200145 4500
001 170354
020 _a
040 _cMagnum
100 _aRius, MarĂ­a
240 1 0 _aLa pascua
_lESP
245 1 0 _aLa pascua
362 0 _a1899
697 _aLITERATURA ESTRANGEIRA
942 _cBK
999 _c170354
_d170354